| 000 | 00775nab a2200253 4500 | ||
|---|---|---|---|
| 003 | BR-BrBNA | ||
| 005 | 20241207230711.0 | ||
| 008 | 241207b bl.||||| |||| 00| 0 por d | ||
| 040 |
_aBR-BrBNA _bpor |
||
| 072 | _aE11 ; F06 ; C20 | ||
| 100 | _aSitta, Sílvia Marrat | ||
| 245 | _aO que falta para o Brasil irrigar a agricultura familiar | ||
| 500 | _a2 illus. | ||
| 650 | _aAGRICULTURA FAMILIAR | ||
| 650 | _aIRRIGAÇÃO | ||
| 650 | _aTECNOLOGIA | ||
| 650 | _aASSISTÊNCIA TÉCNICA | ||
| 650 | _aEXTENSÃO RURAL | ||
| 650 | _aDIVULGAÇÃO | ||
| 650 | _aPROGRAMA DE GOVERNO | ||
| 773 | 0 |
_04820 _9344682 _dVotuporanga/SP IRRIGAZINE 2009 _o2024-5015 _tIrrigazine (Brazil) _gv. 8(29) p. 8-10; (Dec 2012) _wBR2024003878 |
|
| 942 | _cANA | ||
| 999 |
_c329089 _d329089 |
||